000 00277nam a22001337a 4500
008 171023b xxu||||| |||| 00| 0 eng d
020 _a0060906979
041 _aeng
080 _a338
100 _a54
101 _aMEN
245 _aLEADERSHIP
_cBURNES,J,G
942 _2udc
_cBK
999 _c35342
_d35342